00536 2200205 4500001002100000005001500021035002000036007000300056008004100059020002200100082001200122084001800134100001700152245004900169260003100218300003500249700001500284700001800299700001300317INLIS00000000000032820260115024744 a0010-0126000021ta260115 0 ind  a978-623-522-069-7 a327.207 a327.207 WID p0 aWidodo, joko1 aPengelolaan Humas dan Keprotokolan Kelas XII aJakarta :bErlangga,c2024 aix + 253 hlm. ;c17,5 x 25 cm.0 aHarti, dwi0 aSumarsih, sri0 aSuliarsi